| 000 | 03147 a2200217 4500 | ||
|---|---|---|---|
| 001 | 22796 | ||
| 005 | 20260407155517.0 | ||
| 008 | 260407a1959 arg spa d | ||
| 003 | AR-UNSa-BCEJYS | ||
| 040 |
_aAR-UNSa-BCEJYS _bspa _cAR-UNSa-BCEJYS |
||
| 080 |
_a(031)657 _xEnciclopedía de Contabilidad |
||
| 245 | 1 | 0 | _aEnciclopedia de administración contabilidad y organización de empresas |
| 264 | 1 |
_aMadrid : _bAguilar _c1959 |
|
| 300 |
_a3v. (xxxv, 1528; xxiii, 1377; xxiv, 1062 p.) _c24 cm. |
||
| 505 | _aTomo I: Parte I: Conocimiento básico para el estudio de la contabilidad - Libro 1: Historia del comercio - Libro 2: Geografía económica - Libro 3: Derecho mercantil - Libro 4: Nociones de economía - Libro 5: Práctica abreviadas de cálculo mercantil - Libro 6: El comercio y sus documentos de prueba - Libro 7: Contabilidad elemental - Parte II: La partida doble: Libro 8: Teneduría de libros por partida doble - Libro 9: Contabilidad superior - Parte III: Contabilidad aplicada : Libro 10: Contabilidad de las sociedades mercantiles - Parte IV: Contabilidad aplicada a los pequeños negocios : Libro 11: Comerciantes y empresas individuales - Parte V: La oficina moderna: Libro 12 : Organización de oficinas - Libro 13: Archivos y ficheros - Libro 14: Redacción de cartas comerciales Tomo II: Parte VI: Contabilidad aplicada a las grandes empresas mercantiles : Libro 15: Contabilidad de los negocios familiares - Libro 16: Contabilidad de los servicios públicos - Libro 17: Organización y contabilidad de las empresas bancarias - Libro 18: Contabilidad de las empresas de seguros - Libro 19: Industrias del campo - Libro 20: Sistema de contabilidad de los negocios múltiples - Parte VII: Contabilidad de previsión: Libro 21:Contabilidad de los presupuestos - Parte VIII: Especialidades: Libro 22 : Sistemas de contabilidad americanos - Libro 23: Sistemas de contabilidad en moneda extranjera - Libro 24: Contabilidad de las quiebras y sindicaturas - Libro 25: Contabilidad de las testamentarias - Libro 26: Contabilidad de las sucursales y agencias - Libro 27: Fusión y consolidación de sociedades - Libro 28: Contabilidad de los depósitos constituidos por testamentarías o escrituras(cuentas-trusts) - Libro 29 : Empresas rectoras de otras sociedades (compañias-holding)- Libro 30: Contabilidad de los traspasos en las grandes empresas industriales - Partes X: Problemas importantes de la administración : Libro 32: Particularidades de una contabilidad cuando falta el contable - Libro 33: El problema de la distribución de los beneficios - Libro 34: Instrumentos de dirección de los negocios - Parte XI: Examen critico de balance : Libro 35: Interpretación y análisis de balances - Libro 36: Inspección de contabilidades - Libro 37: Instrumentos de dirección de los negocios.Organismo de revisión interior - Libro 38: Planeamiento, organización y economía de la empresa - Libro 39: Elementos de estadística. | ||
| 942 | _cBK | ||
| 590 | _aniveau_biblio:m niveau_hierar:0 | ||
| 100 | 1 | _aAragón Soldado, Jesús de | |
| 700 | 1 | _aAragón Rodríguez, Jesús de | |
| 700 | 1 | _aAragón Rodríguez, Enrique de | |
| 999 |
_c1056 _d1056 |
||